Zahraničný obchod a zmeny v jeho komoditnej štruktúre v Slovenskej republike
Zmeny v komoditnej štruktúre SR. Rozdelenie produktov priemyselnej výroby podľa Štatistickej klasifikácie produkcie. Technologická náročnosť a štruktúra zahraničného obchodu v SR.
Na minha lista:
| Autor principal: | |
|---|---|
| Formato: | Capítulo de Livro |
| Idioma: | eslovaco |
| Assuntos: | |
| Tags: |
Sem tags, seja o primeiro a adicionar uma tag!
|
MARC
| LEADER | 00000naa$a2200000$$$4500 | ||
|---|---|---|---|
| 001 | 0090317 | ||
| 005 | 20240502072017.0 | ||
| 041 | 0 | |a slo | |
| 044 | |a SK | ||
| 245 | 1 | 0 | |a Zahraničný obchod a zmeny v jeho komoditnej štruktúre v Slovenskej republike |c Jana Fliegová |
| 520 | |a Zmeny v komoditnej štruktúre SR. Rozdelenie produktov priemyselnej výroby podľa Štatistickej klasifikácie produkcie. Technologická náročnosť a štruktúra zahraničného obchodu v SR. | ||
| 610 | 2 | 0 | |a obchod zahraničný |
| 610 | 2 | 0 | |a komodity |
| 610 | 2 | 0 | |a obchod zahraničný |
| 610 | 2 | 0 | |a Slovensko |
| 610 | 2 | 0 | |a vzťahy hospodárske vonkajšie |
| 610 | 2 | 0 | |a štruktúra vývozu |
| 610 | 2 | 0 | |a štruktúra dovozu |
| 610 | 2 | 0 | |a výhody komparatívne |
| 100 | 1 | |a Fliegová, Jana | |